Aerospace power ; the emerging strategic dimension (Record no. 297609)

000 -LEADER
fixed length control field 00276 a2200109 4500
001 - CONTROL NUMBER
control field 62536
082 ## - DEWEY DECIMAL CLASSIFICATION NUMBER
Classification number 358.4 TAR
090 ## - LOCALLY ASSIGNED LC-TYPE CALL NUMBER (OCLC); LOCAL CALL NUMBER (RLIN)
-- 37180
-- 37180
100 ## - MAIN ENTRY--PERSONAL NAME
Personal name Tariq Mehmood
245 ## - TITLE STATEMENT
Title Aerospace power ; the emerging strategic dimension
260 ## - PUBLICATION, DISTRIBUTION, ETC.
Place of publication, distribution, etc. Lahore
Name of publisher, distributor, etc. PAF Book club
Date of publication, distribution, etc. 2003
942 ## - ADDED ENTRY ELEMENTS (KOHA)
Institution code [OBSOLETE] NUST-CAE
Call number prefix 358.4 TAR
Holdings
Withdrawn status Lost status Damaged status Not for loan Collection code Permanent Location Current Location Date acquired Total Checkouts Full call number Barcode Date last seen Price effective from Koha item type
          College of Aeronautical Engineering (CAE) College of Aeronautical Engineering (CAE) 04/03/2017   358.4 TAR CAEG-6070 04/05/2017 04/05/2017 Book
          College of Aeronautical Engineering (CAE) College of Aeronautical Engineering (CAE) 04/03/2017   358.4 TAR CAEG-6242 04/05/2017 04/05/2017 Book
© 2023 Central Library, National University of Sciences and Technology. All Rights Reserved.